000
00350nam a2200133Ia 4500
008
231129s9999||||xx |||||||||||||| ||spa||
020
_a
84-86-61-8-3
040
_b
spa
082
_a
641.36 M877p
100
_a
Morris Mary
245
0
_a
Pescados y mariscos
264
_a
Circulo de Lectores
942
_2
ddc
_c
BKS
999
_c
22721
_d
22721